| 000 | 00598nam a2200229Ia 4500 | ||
|---|---|---|---|
| 003 | 0100 | ||
| 008 | 130303s9999 xx 000 0 und d | ||
| 020 | _a996621450X | ||
| 040 | _cARRUPELIB | ||
| 050 | _aBS192.3.A1 1999 | ||
| 245 | 4 | _aThe African Bible = Bible, English, New American Bible | |
| 245 | _bbiblical text of the New American Bible | ||
| 260 | _aNairobi | ||
| 260 | _bPaulines Publications Africa | ||
| 260 | _C1999 | ||
| 300 | _a2176p. | ||
| 300 | _b 22cm. | ||
| 650 | _aBIBLE | ||
| 650 | _bBible | ||
| 700 | _aZinkuratire, Victor & Colacrai, Angelo (ed.) | ||
| 942 | 0 | 0 | _03 |
| 999 |
_c7377 _d7377 |
||